00579nam a2200169Ia 4500020001800000082002100018100002700039245006900066260002800135300001300163440004500176504003600221650002800257650003200285650004600317650004600363 a0-415-37566-5 a306.095491 QAD-P aQadeer, Mohammad Abdul 0aPakistan: social and cultural transformations in a muslim nation aLondonbRoutledgec2006 axiv, 322 aRoutledge contemporary south Asia series aincludes bibliography and index aSocial changezPakistan aIslam and culturezPakistan aPakistanvSocial conditionsz20th century aPakistanvSocial conditionsz20th century